Statistiques concernant Pays où I Gotta Feeling des Black Eyes Peas fut un tube

Cliquez ici pour prendre le quiz!

Statistiques générales

  • Ce quiz a été pris 37 fois
  • Le résultat moyen est 21 sur 28

Statistiques - réponses

Position dans les chartsPays% Correct
1États Unis
100%
2France
100%
2Espagne
94%
1Canada
91%
1Royaume Uni
91%
3Allemagne
88%
1Italie
85%
1Portugal
85%
1Belgique
82%
1Mexique
82%
1Brésil
76%
1Danemark
74%
1Suède
74%
1Suisse
74%
1Irlande
71%
55Japon
71%
2Norvège
68%
1Pays Bas
68%
20Pologne
68%
1Australie
65%
1Grèce
65%
5Finlande
62%
1Autriche
56%
1Nouvelle Zélande
56%
1Roumanie
56%
2Hongrie
53%
1Slovaquie
53%
1Tchéquie
44%

Distribution des résultats

Percentile par nombre de réponses

% des personnes avec chaque résultat

Votre développement - résultats

Vous n’avez pas pris ce quiz